000 00303nam a2200133Ia 4500
003 OSt
005 20240304161308.0
008 170524s9999 xx 000 0 und d
020 _a978-0070153295
040 _ciimtu meerut
100 _aDEVRAJ- A.
245 0 _aEXECUTIVE COMMUNICATIONS
942 _2ddc
_c02
999 _c9655
_d9655